عرض عادي
عرض مارك
- Rizvi, Mubbashir A.
دخول Personal Name
001 - CONTROL NUMBER
- control field: 19318
003 - CONTROL NUMBER IDENTIFIER
- control field: AE-AdECS
005 - DATE AND TIME OF LATEST TRANSACTION
- control field: 20250820093107.0
008 - FIXED-LENGTH DATA ELEMENTS
- fixed length control field: 250820|| aca||aabn | a|a d
040 ## - CATALOGING SOURCE
- Original cataloging agency: AE-AdECS
- Transcribing agency: AE-AdECS
100 ## - HEADING--PERSONAL NAME
- Personal name: Rizvi, Mubbashir A.
- Fuller form of name: (Mubbashir Abbas)
670 ## - SOURCE DATA FOUND
- Source citation: Work cat.: (AE-AdECS)291937: Rizvi, Mubbashir A. (Mubbashir Abbas), author., The ethics of staying :
